Statistics for IPL 2018 Players (Non-Indian)

Click here to take the quiz!

General Stats

  • This quiz has been taken 156 times
  • The average score is 8 of 12

Answer Stats

Answer% Correct
Moeen Ali
98%
Ben Stokes
85%
Kane Williamson
78%
Quinton de Kock
77%
Ish Sodhi
66%
JP Duminy
63%
Billy Stanlake
56%
Ben Cutting
53%
David Miller
53%
Brendon McCullum
51%
Mark Wood
48%
D'Arcy Short
37%

Score Distribution

Percentile by Number Answered

Percent of People with Each Score

Your Score History

You have not taken this quiz